000 00614cgm a2200229 4500
001 B3174
008 090401t1989 xxu||||| |||| 00| 0 eng d
035 _a(Sirsi) u54501
041 _aeng
050 _a336.271
100 _aJohnson, Tony A
245 _aVAT and the property industry No. 2 (sound recording)
260 _aLondon
_bRoyal Institution of Chartered Surveyors
_c1989
300 _a1 sound cassette (60 min.)
350 _a10
490 _aOwlion Audio Programme
650 _aAUDIO CASSETTES
650 _aVALUE ADDED TAX
700 _aYerbury, Paul
942 _n0
948 _c04/03/1997
999 _c85286
_d85286